| 000 | 00654nam a2200229#a 4500 | ||
|---|---|---|---|
| 001 | 02051 | ||
| 003 | HDC | ||
| 007 | ta | ||
| 008 | 230623s2011 xx 000 0 eng d | ||
| 040 | _aHDC | ||
| 050 |
_asmecorp HD3616 _b.S64 2011 |
||
| 110 | _aSME Corporation Malaysia. | ||
| 245 | 0 |
_aLaporan tahunan = _bannual report 20111 / _cSME Corporation Malaysia. |
|
| 264 |
_aKuala Lumpur : _bSME Corp Malaysia, _c2011. |
||
| 300 |
_a142p. _b ill. ; _c 29cm. |
||
| 650 |
_aRural industries _zMalaysia _vPeriodicals. |
||
| 650 |
_aSmall business _zMalaysia _vPeriodicals. |
||
| 942 | _2lcc | ||
| 942 | _cBK | ||
| 942 | _ksmecorp HD3616 | ||
| 942 | _m.S64 2011 | ||
| 999 |
_c23611 _d23611 |
||